[Event "ODJM A 2023"]
[Site "Willingen GER"]
[Date "2023.05.28"]
[Round "1"]
[White "Loheide, Michel"]
[Black "Eberhart, Erik"]
[Result "0-1"]
[Termination "normal"]
[Board "23"]
[WhiteElo "1876"]
[BlackElo "1764"]
[WhiteClock "00:40:01"]
[BlackClock "00:42:21"]
[PlyCount "50"]
[WhiteFideId "34633570"]
[BlackFideId "16239970"]
[EventCountry "GER"]
[EventRounds "9"]
[EventType "swiss"]
[EventDate "2023.05.27"]

1. e4 {[%emt 0:00:02]} 1... e5 {[%emt 0:00:05]} 2. Nf3 {[%emt 0:00:05]} 2...
Nc6 {[%emt 0:00:05]} 3. Bc4 {[%emt 0:00:21]} 3... Bc5 {[%emt 0:00:15]} 4. c3
{[%emt 0:00: 44]} 4... Nf6 {[%emt 0:00:07]} 5. d3 {[%emt 0:00:29]} 5... d6
{[%emt 0:00:55]} 6. a4 {[%emt 0:02:15]} 6... a5 {[%emt 0:01:26]} 7. Nbd2 {[%emt
0:02:09]} 7... O-O {[%emt 0:07: 38]} 8. O-O {[%emt 0:04:31]} 8... Be6 {[%emt
0:14:44]} 9. Bb5 {[%emt 0:15:47]} 9... Ne7 {[%emt 0:13:46]} 10. d4 {[%emt
0:06:12]} 10... exd4 {[%emt 0:00:07]} 11. Nxd4 {[%emt 0:00:06]} 11... Bd7
{[%emt 0:28:18]} 12. Bd3 Ng6 13. N2f3 Ne5 14. Bg5 {[%emt 0: 01:00]} 14... h6
{[%emt 0:05:41]} 15. Bh4 {[%emt 0:11:58]} 15... Ng6 16. Bg3 Nh5 17. Re1 Nxg3
18. hxg3 Qf6 19. Qc2 Rfe8 20. Nb3 Bb6 21. Nbd2 Ne5 22. Nxe5 Bxf2+ 23. Kf1 Bxe1+
24. Kxe1 Qxe5 25. Kf2 Qc5+ 0-1

[Event "ODJM A 2023"]
[Site "Willingen GER"]
[Date "2023.05.28"]
[Round "1"]
[White "Kieselbach, Marvin"]
[Black "Stiller, Maximilian"]
[Result "1/2-1/2"]
[Termination "normal"]
[Board "24"]
[WhiteElo "1850"]
[BlackElo "1657"]
[WhiteClock "00:29:23"]
[BlackClock "01:06:55"]
[PlyCount "68"]
[WhiteFideId "16235770"]
[BlackFideId "16254465"]
[EventCountry "GER"]
[EventRounds "9"]
[EventType "swiss"]
[EventDate "2023.05.27"]

1. e4 {[%emt 0:00:26]} 1... c5 {[%emt 0:00:07]} 2. Nf3 {[%emt 0:00:12]} 2... d6
{[%emt 0: 00:09]} 3. d4 {[%emt 0:00:21]} 3... cxd4 {[%emt 0:00:27]} 4. Nxd4
{[%emt 0:02:47]} 4... Nf6 {[%emt 0:00:19]} 5. Nc3 {[%emt 0:00:16]} 5... a6
{[%emt 0:00:09]} 6. f3 {[%emt 0:01:33]} 6... e6 7. Be3 {[%emt 0:01:36]} 7... b5
{[%emt 0:00:09]} 8. Qd2 {[%emt 0: 08:11]} 8... Be7 {[%emt 0:06:22]} 9. g4
{[%emt 0:07:06]} 9... Nfd7 {[%emt 0:06:46]} 10. O-O-O {[%emt 0:02:19]} 10... b4
{[%emt 0:03:41]} 11. Nce2 {[%emt 0:11:15]} 11... Qa5 {[%emt 0:08:44]} 12. Kb1
Bb7 13. h4 {[%emt 0:09:46]} 13... d5 {[%emt 0:27:42]} 14. Nb3 Qd8 15. g5 dxe4
16. f4 {normal} 16... O-O 17. Ng3 a5 18. Bg2 a4 19. Nc5 Nxc5 20. Qxd8 Rxd8 21.
Rxd8+ Bxd8 22. Bxc5 Na6 23. Be3 Nc7 24. Nxe4 Nd5 25. Bd2 Be7 26. Rf1 g6 27. Bf3
a3 28. c4 bxc3 29. Nxc3 Nxc3+ 30. Bxc3 Ba6 31. Bxa8 Bxf1 32. b4 Bd3+ 33. Kc1
Bc4 34. Kb1 Bd3+ 1/2-1/2

[Event "ODJM A 2023"]
[Site "Willingen GER"]
[Date "2023.05.28"]
[Round "1"]
[White "Deschler, Arne"]
[Black "Beyer, Lorenz"]
[Result "1/2-1/2"]
[Termination "normal"]
[Board "25"]
[WhiteElo "1767"]
[BlackElo "1915"]
[WhiteClock "00:32:22"]
[BlackClock "00:45:16"]
[PlyCount "101"]
[WhiteFideId "16274415"]
[BlackFideId "16245393"]
[EventCountry "GER"]
[EventRounds "9"]
[EventType "swiss"]
[EventDate "2023.05.27"]

1. e4 {[%emt 0:00:02]} 1... e6 {[%emt 0:00:08]} 2. d4 {[%emt 0:00:04]} 2... d5
{[%emt 0: 00:04]} 3. Nd2 {[%emt 0:00:04]} 3... c5 {[%emt 0:00:14]} 4. exd5
{[%emt 0:02:46]} 4... Qxd5 {[%emt 0:00:34]} 5. dxc5 {[%emt 0:05:48]} 5... Bxc5
{[%emt 0:02:20]} 6. Ngf3 {[%emt 0:00:14]} 6... Nf6 {[%emt 0:00:23]} 7. Bd3
{[%emt 0:08:24]} 7... O-O {[%emt 0:01: 08]} 8. O-O {[%emt 0:00:27]} 8... Bd7
{[%emt 0:08:17]} 9. Qe2 {[%emt 0:05:44]} 9... Bc6 {[%emt 0:02:42]} 10. Re1
{[%emt 0:08:08]} 10... Nbd7 {[%emt 0:02:44]} 11. Nf1 {[%emt 0:07:54]} 11... Bb6
{[%emt 0:04:50]} 12. Ng3 {[%emt 0:03:58]} 12... Bc7 {[%emt 0:06: 36]} 13. c4
{[%emt 0:07:24]} 13... Qd6 {[%emt 0:00:56]} 14. Rd1 {[%emt 0:07:26]} 14... Bxf3
{[%emt 0:03:50]} 15. Qxf3 {[%emt 0:00:17]} 15... Ne5 {[%emt 0:02:04]} 16. Qe2
{[%emt 0:03:50]} 16... Nxd3 {[%emt 0:00:29]} 17. Rxd3 {[%emt 0:00:13]} 17...
Qc5 {[%emt 0: 03:54]} 18. Be3 {[%emt 0:02:43]} 18... Qc6 {[%emt 0:05:48]} 19.
b3 {[%emt 0:05:01]} 19... Nd7 {[%emt 0:04:50]} 20. Bd4 Nc5 21. Nh5 e5 22. Bxc5
Qxc5 23. Qg4 g6 24. Nf6+ Kg7 25. Nd7 Qc6 26. Nxf8 Rxf8 27. Qd7 Qb6 28. Qb5 Qf6
29. Rad1 e4 30. Rd7 e3 31. fxe3 Bb6 32. R7d3 a6 33. Qb4 Kg8 34. Qc3 Qg5 35. Re1
Re8 36. b4 Re4 37. c5 Bc7 38. Qd2 Qh4 39. h3 Qg3 40. Rd6 Rh4 41. Kf1 Rh5 42.
Rd5 Be5 43. Re2 Qh4 44. Rf2 Qc4+ 45. Rd3 Bg3 46. Re2 Be5 47. Rf2 Bg3 48. Re2
Be5 49. e4 Rh4 50. Qc2 Qxb4 51. a3 1/2-1/2

[Event "ODJM A 2023"]
[Site "Willingen GER"]
[Date "2023.05.28"]
[Round "1"]
[White "Schwartz, Oliver"]
[Black "Mehner, Lorenz"]
[Result "1-0"]
[Termination "normal"]
[Board "26"]
[WhiteElo "1919"]
[BlackElo "1681"]
[WhiteClock "01:07:51"]
[BlackClock "00:17:43"]
[PlyCount "57"]
[WhiteFideId "16207459"]
[BlackFideId "16293096"]
[EventCountry "GER"]
[EventRounds "9"]
[EventType "swiss"]
[EventDate "2023.05.27"]

1. d4 {[%emt 0:00:07]} 1... Nf6 {[%emt 0:00:17]} 2. c4 {[%emt 0:00:21]} 2... c5
{[%emt 0: 00:11]} 3. d5 {[%emt 0:00:15]} 3... b5 {[%emt 0:00:14]} 4. cxb5
{[%emt 0:00:32]} 4... a6 {[%emt 0:00:16]} 5. Nc3 {[%emt 0:00:36]} 5... axb5
{[%emt 0:06:14]} 6. e4 {[%emt 0: 00:52]} 6... b4 {[%emt 0:04:29]} 7. Nb5 {[%emt
0:00:52]} 7... d6 {[%emt 0:07:29]} 8. Bc4 {[%emt 0:03:14]} 8... Nxe4 {[%emt
0:14:21]} 9. Qe2 {[%emt 0:02:12]} 9... Nf6 {[%emt 0:02: 21]} 10. Bf4 {[%emt
0:05:03]} 10... Ra6 {[%emt 0:04:50]} 11. Nxd6+ {[%emt 0:02:12]} 11... Rxd6
{[%emt 0:02:39]} 12. Bb5+ {[%emt 0:00:43]} 12... Rd7 {[%emt 0:03:27]} 13. Bxb8
{[%emt 0:00:49]} 13... Bb7 {[%emt 0:01:41]} 14. Bxd7+ {[%emt 0:02:40]} 14...
Nxd7 {[%emt 0: 01:42]} 15. Bg3 {[%emt 0:01:40]} 15... Bxd5 {[%emt 0:05:40]} 16.
Nf3 {[%emt 0:00:32]} 16... e6 {[%emt 0:03:16]} 17. O-O {[%emt 0:01:07]} 17...
Be7 {[%emt 0:00:45]} 18. Rfd1 {[%emt 0:01:52]} 18... O-O {[%emt 0:01:19]} 19.
a4 {[%emt 0:04:19]} 19... bxa3 {[%emt 0:11: 46]} 20. bxa3 {[%emt 0:02:38]}
20... Qa8 {[%emt 0:09:56]} 21. a4 Rc8 22. Ne5 Nf6 23. f3 c4 24. Rdc1 c3 25. Be1
Bc5+ 26. Bf2 Qa7 27. Nd3 Bc4 28. Rxc3 Bd4 29. Rac1 1-0

[Event "ODJM A 2023"]
[Site "Willingen GER"]
[Date "2023.05.28"]
[Round "1"]
[White "Möller, Tom"]
[Black "Gold, Florian"]
[Result "1-0"]
[Termination "normal"]
[Board "27"]
[WhiteElo "1417"]
[BlackElo "1841"]
[WhiteClock "00:36:48"]
[BlackClock "00:45:01"]
[PlyCount "101"]
[WhiteFideId "16287215"]
[BlackFideId "16220536"]
[EventCountry "GER"]
[EventRounds "9"]
[EventType "swiss"]
[EventDate "2023.05.27"]

1. d4 1... Nf6 {[%emt 0:00:06]} 2. Nc3 {[%emt 0:00:04]} 2... d5 {[%emt
0:00:05]} 3. Bf4 {[%emt 0:00:04]} 3... a6 {[%emt 0:00:26]} 4. e3 {[%emt
0:00:16]} 4... e6 {[%emt 0:00:05]} 5. Nf3 {[%emt 0:01:06]} 5... c5 {[%emt
0:00:49]} 6. dxc5 {[%emt 0:00:05]} 6... Bxc5 {[%emt 0:00:02]} 7. Bd3 {[%emt
0:00:08]} 7... Nc6 {[%emt 0:00:29]} 8. O-O {[%emt 0: 00:06]} 8... Bd6 {[%emt
0:00:14]} 9. Bxd6 {[%emt 0:19:36]} 9... Qxd6 {[%emt 0:00:57]} 10. e4 {[%emt
0:00:29]} 10... d4 {[%emt 0:00:25]} 11. Ne2 {[%emt 0:00:05]} 11... e5 {[%emt 0:
01:41]} 12. Nd2 {[%emt 0:00:58]} 12... Be6 {[%emt 0:08:42]} 13. f4 {[%emt
0:01:40]} 13... Ng4 {[%emt 0:04:26]} 14. Qc1 {[%emt 0:07:00]} 14... exf4 {[%emt
0:03:42]} 15. Nxf4 {[%emt 0:00:53]} 15... g5 {[%emt 0:01:41]} 16. h3 {[%emt
0:02:58]} 16... Ne3 {[%emt 0:01:24]} 17. Nxe6 {[%emt 0:00:30]} 17... Nxf1
{[%emt 0:01:29]} 18. Ng7+ {[%emt 0:00:09]} 18... Kf8 {[%emt 0:01:35]} 19. Nf5
{[%emt 0:00:08]} 19... Qh2+ {[%emt 0:02:56]} 20. Kxf1 {[%emt 0:00:07]} 20... g4
{[%emt 0:01:21]} 21. Nc4 {[%emt 0:06:09]} 21... h5 {[%emt 0:07:44]} 22. hxg4
{[%emt 0:11:16]} 22... hxg4 {[%emt 0:02:07]} 23. Qg5 {[%emt 0:00:33]} 23... Rh7
{[%emt 0:12:25]} 24. Re1 {[%emt 0:09:31]} 24... Re8 {[%emt 0:02:50]} 25. Nxd4
{[%emt 0:02:12]} 25... Qg3 26. Qc5+ Kg8 27. Ne2 Rh1+ 28. Ng1 Rxg1+ 29. Qxg1 Re6
30. Qf2 Qh2 31. Ke2 g3 32. Qg1 Qh5+ 33. Kd2 b5 34. Ne3 Qe5 35. Kc1 Nb4 36. a3
Nxd3+ 37. cxd3 b4 38. Nc4 Rc6 39. axb4 Qb5 40. Qe3 Qxb4 41. Qxg3+ Rg6 42. Qe3
Qa4 43. Kb1 a5 44. Rf1 Rxg2 45. Rg1 Qc2+ 46. Ka1 a4 47. Rxg2+ Qxg2 48. Qd2 Qg3
49. Ne3 Qb8 50. Nf5 f6 51. Qg2+ 1-0

[Event "ODJM A 2023"]
[Site "Willingen GER"]
[Date "2023.05.28"]
[Round "1"]
[White "Schwarz, David"]
[Black "Rohm, Linus"]
[Result "0-1"]
[Termination "normal"]
[Board "29"]
[WhiteElo "1431"]
[BlackElo "1911"]
[WhiteClock "00:31:03"]
[BlackClock "00:44:15"]
[PlyCount "56"]
[WhiteFideId "16287614"]
[BlackFideId "16298217"]
[EventCountry "GER"]
[EventRounds "9"]
[EventType "swiss"]
[EventDate "2023.05.27"]

1. e4 {[%emt 0:00:02]} 1... c5 {[%emt 0: 00:06]} 2. c3 {[%emt 0:00:04]} 2... d5
{[%emt 0:00:11]} 3. exd5 {[%emt 0:00:05]} 3... Qxd5 {[%emt 0:00:15]} 4. d4
{[%emt 0:00:05]} 4... Nf6 {[%emt 0:00:42]} 5. Nf3 {[%emt 0:00:34]} 5... Nc6
{[%emt 0:00:48]} 6. Be2 {[%emt 0:01:45]} 6... e6 {[%emt 0:02:12]} 7. Na3 {[%emt
0:03:17]} 7... a6 {[%emt 0:12:51]} 8. Nc4 {[%emt 0:07:20]} 8... Qd8 {[%emt
0:01:49]} 9. Be3 {[%emt 0:00:39]} 9... Nd5 {[%emt 0:03:08]} 10. Bd3 {[%emt 0:
21:24]} 10... cxd4 {[%emt 0:04:35]} 11. Bg5 {[%emt 0:00:27]} 11... Be7 {[%emt
0:00:35]} 12. Bxe7 {[%emt 0:00:18]} 12... Ndxe7 {[%emt 0:07:50]} 13. cxd4
{[%emt 0:00:11]} 13... b5 {[%emt 0:06:07]} 14. Nce5 {[%emt 0:05:36]} 14... Qa5+
{[%emt 0:00:54]} 15. Kf1 {[%emt 0:17:30]} 15... Nxe5 {[%emt 0:10:48]} 16. Nxe5
{[%emt 0:00:15]} 16... Bb7 {[%emt 0: 01:22]} 17. Qg4 {[%emt 0:08:28]} 17... g6
18. Qf4 Rf8 19. Ng4 Nd5 20. Qe5 h5 21. Nf6+ Nxf6 22. Qxf6 Qd2 23. Bxg6 Bd5 24.
Bxh5 Rc8 25. Qe5 Rc2 26. Qe1 Qg5 27. Bf3 Bxf3 28. gxf3 Rg8 0-1

[Event "ODJM A 2023"]
[Site "Willingen GER"]
[Date "2023.05.28"]
[Round "1"]
[White "Kliashtornyi, Arkadii"]
[Black "Abou Wally, Adrian"]
[Result "1-0"]
[Termination "normal"]
[Board "30"]
[WhiteElo "1853"]
[BlackElo "1753"]
[WhiteClock "00:36:53"]
[BlackClock "00:35:37"]
[PlyCount "65"]
[WhiteFideId "34119698"]
[BlackFideId "16245113"]
[EventCountry "GER"]
[EventRounds "9"]
[EventType "swiss"]
[EventDate "2023.05.27"]

1. d4 {[%emt 0:00:01]} 1... Nf6 {[%emt 0:00:04]} 2. g3 {[%emt 0:00:12]} 2... g6
{[%emt 0:00:07]} 3. Bg2 {[%emt 0:00: 07]} 3... Bg7 {[%emt 0:00:09]} 4. e4
{[%emt 0:00:06]} 4... d6 {[%emt 0:00:07]} 5. Nc3 {[%emt 0:00:24]} 5... O-O
{[%emt 0:00:42]} 6. Nge2 {[%emt 0:00:04]} 6... Nbd7 {[%emt 0:00: 50]} 7. O-O
{[%emt 0:00:33]} 7... c5 {[%emt 0:03:38]} 8. h3 {[%emt 0:06:28]} 8... a6 {[%emt
0:02:47]} 9. a4 {[%emt 0:04:45]} 9... Ne8 {[%emt 0:01:58]} 10. Be3 {[%emt 0:
04:55]} 10... Nc7 {[%emt 0:13:06]} 11. f4 {[%emt 0:10:32]} 11... e5 {[%emt
0:13:00]} 12. dxe5 {[%emt 0:10:16]} 12... dxe5 {[%emt 0:03:49]} 13. f5 {[%emt
0:02:31]} 13... b6 {[%emt 0:10:16]} 14. Nd5 {[%emt 0:07:47]} 14... Nxd5 {[%emt
0:02:17]} 15. exd5 {[%emt 0:07:19]} 15... Nf6 {[%emt 0:06:18]} 16. fxg6 {[%emt
0:03:39]} 16... hxg6 {[%emt 0: 00:33]} 17. Bg5 {[%emt 0:05:40]} 17... Qd6 18.
Nc3 Ne8 19. Ne4 Qd7 20. d6 Bb7 21. Be7 f5 22. Ng5 Bxg2 23. Kxg2 Ra7 24. Qd5+
Kh8 25. Bxf8 Bxf8 26. Qxe5+ Bg7 27. Qe6 Qc6+ 28. Kh2 Bxb2 29. Rab1 Bf6 30. Rfe1
Ra8 31. d7 Qxa4 32. dxe8=Q+ Rxe8 33. Qxe8+ 1-0

[Event "ODJM A 2023"]
[Site "Willingen GER"]
[Date "2023.05.28"]
[Round "1"]
[White "Goldinov, Daniel"]
[Black "Schulz, Jannis"]
[Result "0-1"]
[Termination "normal"]
[Board "31"]
[WhiteElo "1880"]
[BlackElo "1802"]
[WhiteClock "00:51:05"]
[BlackClock "00:22:36"]
[PlyCount "92"]
[WhiteFideId "34605649"]
[BlackFideId "16224710"]
[EventCountry "GER"]
[EventRounds "9"]
[EventType "swiss"]
[EventDate "2023.05.27"]

1. d4 {[%emt 0:00:13]} 1... d5 {[%emt 0:00:06]} 2. Nc3 {[%emt 0:00:04]} 2... h6
{[%emt 0: 03:58]} 3. Bf4 {[%emt 0:00:55]} 3... c6 {[%emt 0:01:31]} 4. e3 {[%emt
0:00:12]} 4... Bf5 {[%emt 0:03:05]} 5. Nf3 {[%emt 0:03:13]} 5... e6 {[%emt
0:07:48]} 6. Bd3 6... Nf6 {[%emt 0:02:15]} 7. Bxf5 {[%emt 0:02:44]} 7... exf5
{[%emt 0:00:32]} 8. Qd3 {[%emt 0: 05:57]} 8... Ne4 {[%emt 0:00:06]} 9. Ne5
{[%emt 0:02:51]} 9... g5 {[%emt 0:20:16]} 10. Bg3 {[%emt 0:00:14]} 10... Bg7
{[%emt 0:14:56]} 11. f3 {[%emt 0:07:57]} 11... Nd6 {[%emt 0: 03:15]} 12. O-O-O
{[%emt 0:05:15]} 12... Qe7 {[%emt 0:04:06]} 13. h4 {[%emt 0:03:35]} 13... g4
{[%emt 0:11:49]} 14. Rde1 {[%emt 0:05:00]} 14... h5 {[%emt 0:02:48]} 15. e4
{[%emt 0:03:53]} 15... Bh6+ {[%emt 0:01:06]} 16. Kb1 {[%emt 0:00:29]} 16...
dxe4 {[%emt 0: 00:20]} 17. fxe4 {[%emt 0:00:49]} 17... f4 {[%emt 0:00:08]} 18.
Bh2 {[%emt 0:03:15]} 18... g3 {[%emt 0:00:38]} 19. Bg1 Na6 20. Nc4 O-O-O 21.
Nxd6+ Qxd6 22. d5 c5 23. e5 Qd7 24. Qc4 Qc7 25. Nb5 Qb6 26. b4 Rxd5 27. Qxd5
Qxb5 28. a3 Rd8 29. Qxf7 cxb4 30. Qb3 Bg7 31. a4 Qc6 32. Bxa7 b6 33. e6 Kb7 34.
e7 Re8 35. Bxb6 Qxb6 36. Re6 Qd4 37. Qf3+ Ka7 38. Rxa6+ Kxa6 39. Qc6+ Ka7 40.
c3 Qd3+ 41. Kc1 Qxc3+ 42. Qxc3 Bxc3 43. Rf1 Rxe7 44. Rxf4 b3 45. Rf1 Re2 46. a5
Ra2 0-1

[Event "ODJM A 2023"]
[Site "Willingen GER"]
[Date "2023.05.28"]
[Round "1"]
[White "Weidenhöfer, Max"]
[Black "Zobel, Christian"]
[Result "1-0"]
[Termination "normal"]
[Board "32"]
[WhiteElo "2000"]
[BlackElo "1633"]
[WhiteClock "00:38:56"]
[BlackClock "00:39:28"]
[PlyCount "99"]
[WhiteFideId "16230566"]
[BlackFideId "16259068"]
[EventCountry "GER"]
[EventRounds "9"]
[EventType "swiss"]
[EventDate "2023.05.27"]

1. e4 {[%emt 10:12:48]} 1... c5 2. Nf3 e6 3. d4 cxd4 4. Nxd4 a6 5. Nc3 Qc7 6.
Be3 Bb4 7. Bd2 Nf6 8. Bd3 Nc6 9. Nb3 Ne5 10. Qe2 Nxd3+ 11. cxd3 e5 12. Rc1 Qd8
13. O-O O-O 14. d4 exd4 15. Nxd4 15... Re8 {[%emt 0:04:29]} 16. Bg5 {[%emt
0:11:12]} 16... Bxc3 {[%emt 0:03:38]} 17. Rxc3 {[%emt 0:08:11]} 17... Qb6
{[%emt 0:00:59]} 18. Bxf6 {[%emt 0:04:18]} 18... Qxf6 {[%emt 0:00:11]} 19. Qd3
{[%emt 0:00:10]} 19... d6 {[%emt 0:12: 55]} 20. Rd1 Be6 21. b3 d5 22. exd5 Bxd5
23. Nf3 Rad8 24. Qc2 Be4 25. Rxd8 Rxd8 26. Qc1 Qd6 27. Rc8 h6 28. Rxd8+ Qxd8
29. Qd2 Qf6 30. Nd4 Qg6 31. f3 Bd5 32. Kf2 Qd6 33. g3 Qe5 34. Qe3 Qh5 35. Kg2
Qg6 36. Qe5 Bc6 37. Nf5 Kh7 38. Nd4 Qd3 39. Qf5+ Qxf5 40. Nxf5 g5 41. Kf2 Kg6
42. Nd4 f5 43. Nxc6 bxc6 44. Ke3 Kf6 45. Kd4 Ke6 46. Kc5 Ke5 47. b4 g4 48. fxg4
fxg4 49. Kxc6 Kd4 50. a4 1-0